[Event "Napoli Basile Memorial-A"]
[Site "Napoli"]
[Date "2007.06.21"]
[Round "3"]
[White "Radice, Mario"]
[Black "Esposito, Pino"]
[Result "0-1"]
[WhiteElo "1988"]
[BlackElo "1789"]
[PlyCount "64"]
[EventDate "2007.06.07"]
[EventType "swiss"]
[EventRounds "7"]
[EventCountry "ITA"]
[SourceTitle "EXT 2010"]
[Source "ChessBase"]
[SourceDate "2010.11.25"]
[SourceVersion "1"]
[SourceVersionDate "2010.11.25"]
[SourceQuality "1"]

1. e4 g6 2. d4 Bg7 3. Be3 d6 4. Nc3 Nd7 5. Qd2 c6 6. f4 b5 7. a3 Nb6 8. Nf3 Nf6 9. h3 h5 10. Bd3 Nc4 11. Bxc4 bxc4 12. b4 cxb3 13. cxb3 Ba6 14. f5 gxf5 15. exf5 Qa5 16. Qc2 c5 17. dxc5 Nd5 18. b4 Bxc3+ 19. Qxc3 Nxc3 20. bxa5 dxc5 21. Bxc5 Rg8 22. g4 Bb7 23. Rf1 hxg4 24. hxg4 Rxg4 25. Rc1 Re4+ 26. Kf2 Re2+ 27. Kg3 Ne4+ 28. Kf4 Nxc5 29. Rxc5 Re4+ 30. Kg5 f6+ 31. Kh6 Rf4 32. Nd2 Kf7 0-1

[Event "Napoli Natale al Vomero 2nd"]
[Site "Napoli"]
[Date "2005.12.01"]
[Round "5"]
[White "Fammiano, Giacomo"]
[Black "Radice, Mario"]
[Result "0-1"]
[WhiteElo "1641"]
[BlackElo "1685"]
[PlyCount "94"]
[EventDate "2005.11.03"]
[EventType "swiss"]
[EventRounds "6"]
[EventCountry "ITA"]
[SourceTitle "EXT 2018"]
[Source "ChessBase"]
[SourceDate "2017.10.13"]
[SourceVersion "1"]
[SourceVersionDate "2017.10.13"]
[SourceQuality "1"]

1. e4 e5 2. Bc4 Nf6 3. d3 Bc5 4. Nc3 0-0 5. Na4 Bb6 6. Nxb6 axb6 7. Bg5 Nc6 8. a3 d6 9. c3 Be6 10. Ba2 Bxa2 11. Rxa2 d5 12. Qf3 dxe4 13. dxe4 Qd6 14. Bxf6 gxf6 15. Ne2 Na5 16. Ng3 Nb3 17. 0-0 Qe6 18. Nf5 Kh8 19. Qe3 Rg8 20. Re1 Nd4 21. cxd4 Qxa2 22. dxe5 Qxb2 23. exf6 Rxa3 24. Nh6 Rg6 25. Nxf7+ Kg8 26. Nh6+ Kf8 27. Rd1 Ra1 28. Qe1 Rxd1 29. Qxd1 Qxf6 30. Nf5 Ke8 31. Qa4+ Qc6 32. Qa1 Rxg2+ 33. Kxg2 Qxe4+ 34. f3 Qxf5 35. Qa8+ Kd7 36. Qxb7 h5 37. Qa6 Qg5+ 38. Kf2 h4 39. Qd3+ Kc6 40. Qe4+ Kc5 41. Qe3+ Qxe3+ 42. Kxe3 b5 43. Ke4 b4 44. f4 b3 45. Kd3 Kd5 46. Kc3 Ke4 47. Kxb3 Kxf4 0-1

[Event "Napoli Natale al Vomero 2nd"]
[Site "Napoli"]
[Date "2005.11.10"]
[Round "2"]
[White "Radice, Mario"]
[Black "De Rosa, Mariagrazia"]
[Result "1/2-1/2"]
[WhiteElo "1685"]
[BlackElo "2100"]
[PlyCount "63"]
[EventDate "2005.11.03"]
[EventType "swiss"]
[EventRounds "6"]
[EventCountry "ITA"]
[SourceTitle "EXT 2018"]
[Source "ChessBase"]
[SourceDate "2017.10.13"]
[SourceVersion "1"]
[SourceVersionDate "2017.10.13"]
[SourceQuality "1"]

1. e4 c5 2. Nf3 d6 3. d4 cxd4 4. Nxd4 Nf6 5. Nc3 a6 6. Be2 e6 7. 0-0 Be7 8. f4 Qc7 9. a4 Nc6 10. Be3 0-0 11. Kh1 Bd7 12. Nb3 b6 13. Bf3 Rad8 14. Qe1 Bc8 15. Qg3 Rfe8 16. Qf2 Nd7 17. Rfd1 Bb7 18. Nd2 Nb4 19. Nb3 Nc5 20. a5 b5 21. e5 Nxb3 22. Bb6 Qb8 23. cxb3 Bxf3 24. Qxf3 Rc8 25. exd6 Bxd6 26. g3 Bc5 27. Bxc5 Rxc5 28. Rd7 g6 29. Rad1 Rc7 30. Ne4 Rxd7 31. Nf6+ Kg7 32. Nxd7 1/2-1/2